000 01020nac a22002897a 4500
001 BR7100114
003 BR-BrBNA
005 20240105113413.0
008 230509b bl.|||m| |||| 00| 0 por d
040 _aBR-BrBNA
_bpor
_cBiblioteca Nacional de Agricultura
072 _aH20; H10
090 _a1850 BR7100114
100 1 _aDuarte, M. de L.
100 1 _aAlbuquerque, F.C. de
110 1 _aInstituto de Pesquisas e Experimentacao Agropecuarias do Norte, Belem, PA (Brasil)
_96183
245 1 _aEnfermidades da cultura do tomateiro na Regiao Amazonica [Lycopersicum esculentum; Brasil]
_bv. 2
260 3 _aBelem, PA (Brasil):
_c1971.
300 _a34 p.
490 _aSerie Fitotecnia - Instituto de Pesquisas e Experimentacao Agropecuarias do Norte (Brazil)
_vno. 2
_x
500 _a12 illus.; 43 ref.; Summary (En, Pt)
650 _aDoenca de planta
650 _aPraga de planta
650 _aTomate
650 _aAmazonia
909 _a202312
_bLúcia Elande
_c55
_dLúcia Elande
942 _2AGRIS
_n0
_cMS
999 _c263526
_d263526